| 000 | 00927nam a2200253Ia 4500 | ||
|---|---|---|---|
| 003 | OSt | ||
| 005 | 20221005112143.0 | ||
| 006 | a|||||r|||| 00| 0 | ||
| 007 | ta | ||
| 008 | 221004b |||||||| |||| 00| 0 pan d | ||
| 020 | _c150 | ||
| 024 | _a3655 | ||
| 037 |
_b744, 12/03/2013, Bright Book Service _cTextual |
||
| 040 |
_aCRL _cCRL _bpan |
||
| 041 |
_2pan _apan |
||
| 082 | _aO153,3N452:g, P5 | ||
| 100 | _aਜਸਵਿੰਦਰ ਕੌਰ | ||
| 245 | 0 | _aਬਿਰਤਾਂਤ Fਾਸਤਰ ਅਤੇ ਵਰਿਆਮ ਸਿੰਘ ਸੰਧੂ ਦੀ ਕਹਾਣੀ ਕਲਾ | |
| 260 |
_aਅੰਮ੍ਰਿਤਸਰ _bਸਿਟੀ ਸੈ੍ਵਟਰ ਭਾਰਤ _c2005 |
||
| 300 |
_a141ਪੰ _ccm. |
||
| 650 | _aਪੰਜਾਬੀ ਸਾਹਿਤ | ||
| 942 |
_hO153,3N452:g, P5 _cTEXL _2cc |
||
| 999 |
_c1023989 _d1023989 |
||